书目信息 |
| 题名: |
粵閩巡視紀略
|
|
| 作者: | 杜臻, 撰 | |
| 分册: | 一 粵略 | |
| 出版信息: | 北京 文物出版社 2022.07 |
|
| 页数: | 162页 | |
| 开本: | 24cm | |
| 丛书名: | 海上絲綢之路基本文獻叢書 | |
| 单 册: | ||
| 中图分类: | K928.19 | |
| 科图分类: | ||
| 主题词: | 海疆--hai jiang--历史--广东--清代 | |
| 电子资源: | ||
| ISBN: | 978-7-5010-7665-9 | |
| 000 | 01140nam 2200289 450 | |
| 001 | CAL 012022001752 | |
| 005 | 20230301153539.98 | |
| 010 | @a978-7-5010-7665-9@b精装@dCNY90.00 | |
| 100 | @a20220927e2022 em y0chiy0120 ea | |
| 101 | 0 | @achi |
| 102 | @aCN@b110000 | |
| 105 | @aa z 000yy | |
| 106 | @ar | |
| 200 | 1 | @a粵閩巡視紀略@Ayue min xun shi ji lve@h一@i粵略@f(清) 杜臻撰 |
| 205 | @a影印本 | |
| 210 | @a北京@c文物出版社@d2022.07 | |
| 215 | @a162页@c图@d24cm | |
| 225 | 2 | @a海上絲綢之路基本文獻叢書@Ahai shang si chou zhi lu ji ben wen xian cong shu |
| 330 | @a本编注重史料的珍稀性, 从《海上丝绸之路历史文化丛书》中遴选出菁华, 拟出版百册单行本。本编所选之文献, 其编纂的年代下限至一九四九年。本编排序无严格定式, 所选之文献篇幅以二百余页为宜, 以便读者阅读使用。本编所选文献, 每种前皆注明版本、著者。本册为粤闽巡视纪略·粤略 (一)。 | |
| 410 | 0 | @12001 @a海上絲綢之路基本文獻叢書 |
| 517 | 1 | @a粤略@Ayue lve |
| 518 | 1 | @a粤闽巡视纪略 |
| 606 | 0 | @a海疆@Ahai jiang@x历史@y广东@z清代 |
| 690 | @aK928.19@v5 | |
| 701 | 0 | @a杜臻,@Adu zhen@f清代@4撰 |
| 801 | 0 | @aCN@bBJXHZP@c20230228 |
| 905 | @b1396670-3@dK928.19@e1222:1@f4 | |
| 粵閩巡視紀略.一.粵略/(清) 杜臻撰.-影印本.-北京:文物出版社,2022.07 |
| 162页:图;24cm.-(海上絲綢之路基本文獻叢書) |
| ISBN 978-7-5010-7665-9(精装):CNY90.00 |
| 本编注重史料的珍稀性, 从《海上丝绸之路历史文化丛书》中遴选出菁华, 拟出版百册单行本。本编所选之文献, 其编纂的年代下限至一九四九年。本编排序无严格定式, 所选之文献篇幅以二百余页为宜, 以便读者阅读使用。本编所选文献, 每种前皆注明版本、著者。本册为粤闽巡视纪略·粤略 (一)。 |
| ● |
| 相关链接 |
|
|
|
|
正题名:粵閩巡視紀略
索取号:K928.19/1222:1
 
预约/预借
| 序号 | 登录号 | 条形码 | 馆藏地/架位号 | 状态 | 备注 |
| 1 | 1396670 | 213966706 | 第二样本阅览室/ [索取号:K928.19/1222:1] | 在馆 | |
| 2 | 1396671 | 213966715 | 第二借阅区/ [索取号:K928.19/1222:1] | 在馆 | |
| 3 | 1396672 | 213966724 | 第二借阅区/ [索取号:K928.19/1222:1] | 在馆 | |
| 4 | 1396673 | 213966733 | 第二借阅区/ [索取号:K928.19/1222:1] | 在馆 |